| 000 | 01002nam a2200265 i 4500 | ||
|---|---|---|---|
| 001 | 185029 | ||
| 003 | SpMaBN | ||
| 005 | 20251003063159.0 | ||
| 008 | 160307s1990 sp |||| |aspa d | ||
| 020 | _a84-264-1190-8 | ||
| 080 | _a821.133.1-31"19" | ||
| 080 | _a929 Céline, Louis-Ferdinand | ||
| 100 | 1 |
_aCéline, Louis-Ferdinand, _d1894-1961 _937358 |
|
| 245 | 1 | 0 |
_aRigodón / _cLouis-Ferdinand Céline ; traducción de Carlos Manzano. |
| 250 | _a1ª ed. | ||
| 260 |
_aBarcelona : _bLumen, _c1990. |
||
| 300 |
_a217 p. ; _c21 cm. |
||
| 490 | 1 |
_aNovela. Palabra en el tiempo ; _v190 |
|
| 594 | _aEn contracub.: "Rigodón... es la tercera y última parte de la autobiografía... De un castillo a otro, continuada... en... Norte" | ||
| 600 | 1 | 4 |
_aCéline, Louis-Ferdinand, _d1894-1961 _937358 |
| 700 | 1 |
_aManzano, Carlos. _976216 |
|
| 830 | 0 |
_aNovela. Palabra en el tiempo ; _v190 _9192261 |
|
| 852 |
_aES-MaACL _jL-30250 _z. - Donat. Miguel A. Velasco |
||
| 999 |
_c185029 _d185029 |
||